[Event "NED-ch U16"]
[Site "Almelo"]
[Date "2023.05.01"]
[Round "2"]
[White "Guillaumond, Matthieu"]
[Black "Ritzerveld, Noah"]
[Result "0-1"]
[WhiteElo "2010"]
[BlackElo "1776"]
[PlyCount "56"]
[EventDate "2023.04.30"]
[EventType "swiss"]
[EventRounds "7"]
[EventCountry "NED"]
[SourceTitle "CBM 214 Extra"]
[Source "ChessBase"]
[SourceDate "2023.07.31"]
[SourceVersion "1"]
[SourceVersionDate "2023.07.31"]
[SourceQuality "1"]

1. e4 e5 2. Nf3 Nc6 3. Bb5 a6 4. Ba4 Nf6 5. 0-0 Be7 6. Re1 b5 7. Bb3 0-0 8. h3 Bb7 9. c3 d5 10. exd5 Nxd5 11. d4 exd4 12. Nxd4 Nxd4 13. cxd4 Bd6 14. Qf3 Rb8 15. Bxd5 Bxd5 16. Qd3 Qh4 17. Be3 f5 18. Nc3 Bc4 19. Qc2 f4 20. Bd2 f3 21. Qe4 Bh2+ 22. Kxh2 Qxf2 23. Qg4 Qxd2 24. Re7 Qh6 25. gxf3 Rb6 26. Kh1 Rg6 27. Qd7 Be6 28. Rxe6 Qxh3# 0-1